| 000 | 00424nam a2200193 4500 | ||
|---|---|---|---|
| 001 | 1933 | ||
| 005 | 20260410055729.0 | ||
| 008 | 0 | ||
| 020 | _a0 | ||
| 040 | _c0 | ||
| 082 | _a350 BAJ | ||
| 100 | _aBAJPAI DR SR | ||
| 245 | _aMETHODS OF SOCIAL SURVEY AND RESEARCH | ||
| 250 | _a0 | ||
| 260 |
_aKANPUR _bKITHAB GHAR _c1985 |
||
| 300 |
_b528P. 32RS _c10CM |
||
| 650 | _2METHOD SOCIAL SURVEY RESEARCH | ||
| 942 |
_2ddc _cBOOK _n0 |
||
| 999 |
_c1933 _d1933 |
||